000 01152nam a2200241Ia 4500
003 Ost
005 20260507074849.0
008 260507s9999||||xx |||||||||||||| ||und||
020 _a9957250280
040 _cfsecg
041 _aara
082 _a350.1
100 _aالصيرفي، محمد
_eمؤلف
245 0 _aإدارة الأفراد والعلاقات الإنسانية /
_c محمد الصيرفي
260 _aعمان:
_bدار قنديل للنشر والتوزيع,
_c2003
300 _a504 صفحة؛
_bإيضاحات ؛
_c24 سم
504 _aبيبليوغرافيا: ص.492
520 _aيضم المفاهيم والأهداف والاختصاصات، تخطيط القوى العاملة، تحليل وتصميم العمل، سياسة التوظيف، بناء نظام الأجور، العلاقات الانسانية، الدعائم الأساسية للعلاقات الانسانية، قياس وتقويم أداء العاملين، تدريبات وحالات عملية.
653 _aإدارة الأفراد
653 _aالأجور
653 _aالقوى العاملة
942 _cكتاب
999 _c41551
_d41551